000 00673nam a2200205 i 4500
001 185875
003 ES-MaACL
005 20260612132718.0
008 160817s1949 sp |||| | spa d
100 1 _aUscatescu, Jorge,
_d1919-1995
_9112293
245 1 3 _aLa concepción jurídica rumana /
_cGeorge Uscatescu.
260 _aSalamanca :
_bAsociación Hispano-Rumana,
_c1949.
300 _a26 p. ;
_c22 cm.
490 1 _aCuadernos Hispano-Rumanos ;
_v1
650 4 _aDerecho-
_zRumanía.
_9160506
710 2 _aAsociación Hispano-Rumana (Salamanca)
_9160502
830 0 _aCuadernos Hispano-Rumanos ;
_v1
_9192425
852 _aES-MaACL
_jE-4347
999 _c185875
_d185875